Útoky na Londýn vrátili terorizmus do Európy

Teroristický útok skupiny hlásiacej sa k odnoži Al-Kajdy v Európe na dopravný systém v centre Londýna. Explózie v troch vozňoch metra a v jednom poschodovom autobuse. Útok v čase konania stretnutia krajín G8 v Škótsku. Podobnosť s útokom v Madride.

Enregistré dans:
Détails bibliographiques
Auteur principal: Boldocká, Slávka
Format: Chapitre de livre
Langue:slovaque
Sujets:
Tags: Ajouter un tag
Pas de tags, Soyez le premier à ajouter un tag!

MARC

LEADER 00000naa$a2200000$$$4500
001 0031658
005 20231004130308.5
041 0 |a slo 
044 |a SK 
245 1 0 |a Útoky na Londýn vrátili terorizmus do Európy  |c Slávka Boldocká 
520 |a Teroristický útok skupiny hlásiacej sa k odnoži Al-Kajdy v Európe na dopravný systém v centre Londýna. Explózie v troch vozňoch metra a v jednom poschodovom autobuse. Útok v čase konania stretnutia krajín G8 v Škótsku. Podobnosť s útokom v Madride. 
610 2 0 |a terorizmus 
610 2 0 |a organizácie 
610 2 0 |a politika medzinárodná 
610 2 0 |a vzťahy medzinárodné 
610 2 0 |a summity 
610 2 0 |a spravodlivosť 
610 2 0 |a krajiny vyspelé 
610 2 0 |a Veľká Británia 
610 2 0 |a G8 
100 1 |a Boldocká, Slávka